| 000 | 00855nam a2200265Ia 4500 | ||
|---|---|---|---|
| 003 | OSt | ||
| 005 | 20220925204816.0 | ||
| 006 | a|||||r|||| 00| 0 | ||
| 007 | ta | ||
| 008 | 220923b |||||||| |||| 00| 0 eng d | ||
| 020 | _c197 | ||
| 037 |
_bG-3436/11-12, 10/01/2012, Manohar Publishers & Distributors _cGeneral Book |
||
| 040 |
_aRTL _cRTL _beng |
||
| 041 |
_2eng _aeng |
||
| 082 | _aV29W:195, P8 | ||
| 100 |
_aJeyaseelan Lazar _9268989 |
||
| 245 | 0 | _aConflict mapping and peace processes in Northeast India | |
| 260 |
_aGuwahati _bNESRC _c2008 |
||
| 300 |
_a279p _ccm. |
||
| 490 | _aNESRC Peace Studies; 1 | ||
| 500 | _aBibliography chapterwise | ||
| 650 | _aSociology | ||
| 942 |
_hV29W:195, P8 _cGB _2CC |
||
| 999 |
_c550471 _d550471 |
||